000 01056nam a22002657a 4500
001 BD-DhSAU
003 BD-DhSAU
005 20250116105234.0
008 150420b2005 bg ||||| m||| 00| 0 eng d
040 _aBD-DhSAU
082 _222
_a631.521
_bSa992
100 _aYASMIN, MOST. SAYEEDA
_eRegistration No. # 21-010125
245 _aEvaluation of some plant derived and synthetic insecticides against insect pests of capsicum for quality seed production /
_bMS thesis
260 _aSher-e-Bangla Agricultural University:
_bDepartment of Seed Technology,
_c2023,
300 _ax, 64p. ;
_c30 cm.
500 _aMS thesis of Seed Techolnology, Faculty of Agriculture , Sher-e-Bangla Agricultural University, Dhaka, Bangladesh
504 _aIncludes bibliographical reference.
590 _aNazmul
650 _aplant derived and synthetic
651 _ainsect pests of capsicum
700 _aProf. Dr. Ayesha Akter
_eSuperviser
700 _aProf. Dr. Md. Ismail Hossain
_eCo-superviser
942 _2ddc
_cTHESIS
999 _c17801
_d17800